Trendy na trhu PR
PR nielen ako práca s médiami, ale ako práca na budovaní imidžu organizácie. Trendy na trhu PR. Prečo je dôležité riadenie reputácie. Sociálne siete ako zákaznícky servis a vplyv influencerov.
Salvato in:
| Autore principale: | |
|---|---|
| Natura: | Capitolo di libro |
| Lingua: | slovacco |
| Soggetti: | |
| Tags: |
Nessun Tag, puoi essere il primo ad aggiungerne!!
|
MARC
| LEADER | 00000naa a2200000 4500 | ||
|---|---|---|---|
| 001 | 0263721 | ||
| 005 | 20200603111311.4 | ||
| 041 | 0 | |a slo | |
| 044 | |a CZ | ||
| 245 | 1 | 0 | |a Trendy na trhu PR |c Jana Galera Matúšová |
| 520 | |a PR nielen ako práca s médiami, ale ako práca na budovaní imidžu organizácie. Trendy na trhu PR. Prečo je dôležité riadenie reputácie. Sociálne siete ako zákaznícky servis a vplyv influencerov. | ||
| 610 | 2 | 0 | |a práca s verejnosťou |
| 610 | 2 | 0 | |a firmy |
| 610 | 2 | 0 | |a reputácia podniku |
| 610 | 2 | 0 | |a imidž |
| 610 | 2 | 0 | |a značky |
| 610 | 2 | 0 | |a internet |
| 610 | 2 | 0 | |a siete sociálne |
| 100 | 1 | |a Galera Matúšová, Jana | |